| 000 | 01741nam a2200409 i 4500 | ||
|---|---|---|---|
| 001 | 192504 | ||
| 003 | ES-MaACL | ||
| 005 | 20240212174523.0 | ||
| 008 | 230120s2022 sp c 001 0dspa | ||
| 017 |
_aZ 1084-2022 _bOficina Depósito Legal Zaragoza |
||
| 020 | _a9788413404004 | ||
| 040 | _cES-MaACL | ||
| 080 | _a929 Pérez de Ayala, Ramón (044.2) | ||
| 080 | _a929 Pérez Galdós, Benito (044.2) | ||
| 080 | _a821.134.2 Pérez Galdós, Benito 1.07 | ||
| 080 | _a821.134.2 Pérez de Ayala, Ramón 1.07 | ||
| 100 | 1 |
_aPérez de Ayala, Ramón, _d1880-1962 _990763 _eaut |
|
| 245 | 1 | 0 |
_aAuto de fe con Galdós : _bensayos galdosianos, con el epistolario entre los autores / _cRamón Pérez de Ayala ; edición, introducción y notas de Javier Serrano Alonso |
| 250 | _a1ª edición, 2022 | ||
| 260 |
_aZaragoza : _bPrensas de la Universidad de Zaragoza, _c2022 |
||
| 300 |
_aCLXXXIII, 345 páginas : _b1 retrato ; _c22 cm |
||
| 490 | 1 |
_aHumanidades ; _v176 |
|
| 500 | _aÍndice | ||
| 504 | _aBibliografía: páginas [CLV]-CLXXIX. | ||
| 599 | _aRetrato de Benito Pérez Galdós | ||
| 600 | 1 | 4 |
_aPérez Galdós, Benito, _d1843-1920- _xCrítica e interpretación _990875 |
| 600 | 1 | 7 |
_aPérez de Ayala, Ramón, _d1880-1962- _xCrítica e interpretación _9138868 |
| 600 | 1 | 7 |
_aPérez Galdós, Benito, _d1843-1920- _vCorrespondencia _9139477 |
| 600 | 1 | 4 |
_aPérez de Ayala, Ramón, _d1880-1962- _vCorrespondencia _9176274 |
| 655 | 0 |
_9235124 _aCartas |
|
| 700 | 1 |
_aSerrano Alonso, Javier, _d1962- _epbl _9105728 |
|
| 710 | 2 |
_aUniversidad de Zaragoza _97352 _eedt |
|
| 830 | 1 |
_aHumanidades ; _v176 _9179694 |
|
| 852 | 4 |
_aES-MaACL _jN-8242 _bR. 153593 _cDEPOJ _9199798 |
|
| 942 |
_cMONOGRAFIA _n0 |
||
| 999 |
_c192504 _d192504 |
||